[Johann Bretke (Übers.): Die Bibel, das ist die ganze Heilige Schrift]

Titel: [Johann Bretke (Übers.): Die Bibel, das ist die ganze Heilige Schrift] / Bernhart Jähnig
Verfasser:
In: Preußenland, Band 8 (2017), Seite 219-221
alle Artikel anzeigen
Veröffentlicht: 2017 [2018]
Format: Aufsatz
Sprache: Deutsch
Schlagworte:
Kein Bild verfügbar
X
alg: 43223779
001A    $03025:01-06-18 
001B    $01999:01-06-18 $t22:33:00.000 
001C    $03025:01-06-18 $t12:30:45.000 
001D    $03025:01-06-18 
001U    $0utf8 
001X    $00 
002@    $0Aou 
002C    $aText $btxt $2rdacontent 
002D    $aohne Hilfsmittel zu benutzen $bn $2rdamedia 
002E    $aBand $bnc $2rdacarrier 
003@    $0432237798 
007A    $0432237798 $aHEB 
010@    $ager 
010E    $erda 
011@    $a2017 $n2017 [2018] 
013D    $#Newspapers Sections, columns, etc. Reviews $#Book reviewing $#Journaux Cahiers, chroniques, etc. Comptes rendus $#Livres Recension $#Rezension $#Buchbesprechung $#Buchrezension $#Buchkritik $74049712-4 $8Rezension [Ts1] $9085138568 
021A    $a[Johann Bretke (Übers.): Die @Bibel, das ist die ganze Heilige Schrift] $hBernhart Jähnig 
028A    $BVerfasser $#Jähnig, Bernhart Arnulf $4aut $7122464400 $8Jähnig, Bernhart$Z1941- [Tp1] $910139912X 
031A    $d8 $h219-221 $j2017 
039B    $aEnthalten in $8--Abvc--. Preußenland. - Osnabrück : Fibre-Verl., 1963-. - ISSN 0032-7972 $x201700000080000781 $9047115017 
039T    $aRezension von $8--Aau--. Biblia, tatai esti Wissas Schwentas Raschtas, Lietuwischkai pergulditas. - Paderborn : Ferdinand Schöningh, 2017. - XXVII, 469 Seiten. - ISBN 978-3-506-78426-1 $9403953588 
045T    $a8,1 

lok: 43223779 78

exp: 43223779 78 1 #EPN
201B/01 $001-06-18 $t12:30:45.000 
201C/01 $001-06-18 
201U/01 $0utf8 
203@/01 $0102292236X 
208@/01 $a01-06-18 $be 
209A/01 $a/ $f000 $x00 
209A/01 $ab*p $x01 
220C/01 $akoe 
247C/01 $82080>Marburg/Lahn, Herder-Institut, Forschungsbibliothek, Bibliographieportal $9336309341
LEADER 00000caa a2200000 c 4500
001 432237798
003 DE-603
005 20180601223300.0
007 tu
008 180601s2017 xx |||| | u00||u|ger c
035 |a (DE-599)HEB432237798 
040 |a DE-603  |b ger  |c DE-603  |d DE-603  |e rda 
041 |a ger 
084 |a 8,1  |2 ssgn 
100 1 |a Jähnig, Bernhart  |d 1941-  |e Verfasser  |4 aut  |0 (DE-603)10139912X  |0 (DE-588)122464400  |2 gnd 
245 0 0 |a ˜[Johann Bretke (Übers.): Dieœ Bibel, das ist die ganze Heilige Schrift]  |c Bernhart Jähnig 
264 0 |c 2017 [2018] 
336 |a Text  |b txt  |2 rdacontent 
337 |a ohne Hilfsmittel zu benutzen  |b n  |2 rdamedia 
338 |a Band  |b nc  |2 rdacarrier 
655 7 |a Rezension  |2 gnd-content  |0 (DE-588)4049712-4  |0 (DE-603)085138568 
773 0 8 |i Enthalten in  |t Preußenland  |d Osnabrück : Fibre-Verl., 1963-  |h 24 cm  |x 0032-7972  |g Band 8 (2017), Seite 219-221  |w (DE-603)047115017  |w (DE-600)123737-8 
787 0 8 |i Rezension von  |t Biblia, tatai esti Wissas Schwentas Raschtas, Lietuwischkai pergulditas  |d Paderborn : Ferdinand Schöningh, 2017  |h XXVII, 469 Seiten, 245 x 180 mm  |z 9783506784261  |z 3506784269  |w (DE-603)403953588 
924 0 |9 2080  |a (DE-603)102292236X  |b DE-2080  |c HES  |d d  |g /